000 00288nam a22001337a 4500
008 170213b xxu||||| |||| 00| 0 eng d
020 _a9781933503073
041 _aeng
080 _29ED
_a61
100 _a4
101 _aSHM
245 _aDIABETES MELLITUS
_cMILCHOVICH
942 _2udc
_cBK
999 _c5214
_d5214